Cases in public relations management / (Record no. 1212)

000 -LEADER
fixed length control field 01046cam a2200217 a 4500
003 - CONTROL NUMBER IDENTIFIER
control field OSt
005 - DATE AND TIME OF LATEST TRANSACTION
control field 20140116120848.0
008 - FIXED-LENGTH DATA ELEMENTS--GENERAL INFORMATION
fixed length control field 130905b xxu||||| |||| 00| 0 eng d
010 ## - LIBRARY OF CONGRESS CONTROL NUMBER
LC control number 2010012370
020 ## - INTERNATIONAL STANDARD BOOK NUMBER
International Standard Book Number 9780415878937
050 00 - LIBRARY OF CONGRESS CALL NUMBER
Classification number HD59.S93 2010
100 1# - MAIN ENTRY--PERSONAL NAME
Personal name Swann, Patricia.
245 10 - TITLE STATEMENT
Title Cases in public relations management /
Statement of responsibility, etc Patricia Swann.
260 ## - PUBLICATION, DISTRIBUTION, ETC. (IMPRINT)
Place of publication, distribution, etc New York :
Name of publisher, distributor, etc Routledge/Taylor and Francis Group,
Date of publication, distribution, etc 2010.
300 ## - PHYSICAL DESCRIPTION
Extent ix, 388 p. :
Other physical details ill. ;
Dimensions 25 cm.
500 ## - GENERAL NOTE
General note Originally published: 2008.
504 ## - BIBLIOGRAPHY, ETC. NOTE
Bibliography, etc Includes bibliographical references and index.
505 0# - FORMATTED CONTENTS NOTE
Formatted contents note The purpose of public relations -- Proactive public relations -- The case method -- Ethics and the public interest -- Media relations -- Crisis communication -- Consumer relations -- Sports, entertainment, and travel -- Community relations -- Employee relations -- Governmental relations -- International public relations -- Financial relations -- Internships and early career.
650 #0 - SUBJECT ADDED ENTRY--TOPICAL TERM
Topical term or geographic name as entry element Public relations
General subdivision Management
Form subdivision Case studies.
942 ## - ADDED ENTRY ELEMENTS (KOHA)
Source of classification or shelving scheme
Koha item type Book
Holdings
Withdrawn status Lost status Source of classification or shelving scheme Damaged status Not for loan Home library Current library Date acquired Total Checkouts Full call number Barcode Date last seen Date checked out Copy number Price effective from Koha item type Total Renewals Shelving location
          Riara University Library Riara University Library 05/09/2013 4 HD 59 .S93 2010 C.1 4309/13 12/03/2019 28/02/2019 C.1 05/09/2013 Book    
          Riara University Library Riara University Library 05/09/2013 7 HD 59.S93 2010 C.1 4310/13 12/03/2019 07/03/2019 C.2 05/09/2013 Book    
          Riara University Library Riara University Library 05/09/2013 3 HD 59.S93 2010 C.1 4311/13 07/12/2017 22/11/2017 C.3 05/09/2013 Book 1  
          Riara University Library Riara University Library 16/04/2015   HD 59.S93 2014 5550/15 15/11/2016   c.4 16/04/2015 Book   General stack
          Riara University Library Riara University Library 16/04/2015   HD 59.S93 2014 5549/15 16/04/2015   c.5 16/04/2015 Book   General stack
          Riara University Library Riara University Library 16/04/2015 3 HD 59.S93 2014 5548/15 22/11/2017 06/11/2017 c.6 16/04/2015 Book 1 General stack

Riara University Library,
P.O. Box 49940-00100,
Nairobi, Kenya.